| 000 | 003450000a22000970004500 | ||
|---|---|---|---|
| 100 | 1 | _aMermelstein, Daniel | |
| 245 | 1 | 0 | _aLa hierba olvidada : La Alianza por la Terapéutica del Cannabis (ACT) busca que la marihuana se utilice nuevamente como medicina |
| 300 | _aVol. 51, Num. 51 (Mayo, 1994), Páginas 20-21 | ||
| 773 | 0 | _tCambio 16 | |
| 942 | _cANA | ||
| 999 |
_c58448 _d58448 |
||